=LDR 00000nam 2200000 4500 =001 INLIS000000000025560 =005 20130612124047 =008 ***********************************Ind** =035 ##$$0010-061300000025560 =041 ##$$a Ind =082 ##$$a 2X4 =090 ##$$a 2x4, Umi f =100 ##$$a Uman, Cholil =245 ##$$a Himpunan fatwa-fatwa pilihan, Cholil Uman =260 ##$$a 2003 $b Bandung =300 ##$$a 245 hlm, 21 cm =650 ##$$a fatwa =850 ##$$a NBPNMAT